Cidades do São Paulo com mais de 100 mil Habitantes - Statistics

Estatísticas Gerais
  • Esse quiz foi jogado 205 vezes
  • A pontuação média é 51 de 80
Respostas no mapa
Respostas codificadas por cores de uma escala verde-vermelha no mapa do quiz de acordo com a % correta abaixo.
 
Estatísticas das Respostas
Cidade População % Correto
São Paulo 12,284,940
98%
Campinas 1,202,200
96%
Guarulhos 1,404,690
95%
Santos 433,670
93%
Ribeirão Preto 718,070
90%
São Bernardo do Campo 835,660
89%
Osasco 701,430
87%
São José do Rio Preto 440,710
87%
São José dos Campos 722,310
87%
Santo André 723,890
85%
Sorocaba 688,250
84%
Praia Grande 336,450
82%
São Caetano do Sul 162,760
82%
Diadema 429,550
81%
Mogi das Cruzes 419,790
80%
Guarujá 324,910
79%
Jundiaí 408,570
79%
Piracicaba 401,470
77%
Presidente Prudente 227,220
77%
Bauru 375,320
75%
Franca 352,240
75%
Itu 165,800
75%
Limeira 301,510
74%
São Carlos 246,630
73%
Taubaté 313,900
73%
Araraquara 233,700
71%
Mauá 481,730
71%
Marília 231,380
70%
Pindamonhangaba 165,700
70%
São Vicente 370,140
70%
Americana 243,230
68%
Itaquaquecetuba 379,080
68%
Suzano 292,720
68%
Barueri 279,700
67%
Cubatão 132,520
65%
Caraguatatuba 120,020
64%
Araçatuba 195,370
63%
Bragança Paulista 167,070
63%
Embu das Artes 279,260
63%
Jaú 148,660
62%
Taboão da Serra 297,530
61%
Barretos 119,780
60%
Cotia 257,880
60%
Guaratinguetá 117,360
58%
Rio Claro 204,450
58%
Sumaré 286,460
58%
Carapicuíba 405,380
57%
Hortolândia 237,570
57%
Itanhaém 103,370
57%
Araras 129,380
56%
Botucatu 144,250
56%
Indaiatuba 258,070
56%
Itapevi 244,130
56%
Ourinhos 112,170
56%
Jacareí 233,840
55%
Mogi Guaçu 146,340
55%
Valinhos 126,730
53%
Assis 101,150
52%
Francisco Morato 179,010
52%
Ribeirão Pires 125,240
52%
Santa Bárbara d'Oeste 193,750
51%
Catanduva 122,130
50%
Ferraz de Vasconcelos 189,750
50%
Franco da Rocha 145,970
50%
Atibaia 132,320
48%
Birigui 122,340
48%
Caieiras 101,470
48%
Itapecerica da Serra 178,090
48%
Poá 117,340
48%
Sertãozinho 126,910
47%
Itapetininga 151,680
46%
Leme 103,100
46%
Votorantim 119,720
44%
Jandira 127,730
41%
Tatuí 118,270
41%
Itatiba 104,900
40%
Salto 119,930
40%
Santana de Parnaíba 145,070
40%
Paulínia 114,400
39%
Várzea Paulista 124,270
38%
Nenhum quiz correspondente encontrado
Distribuição das Pontuações
Porcentagem de Pessoas com Cada Pontuação
Percentil de Números Respondidos
Sua Pontuação Histórica
Você não jogou esse quiz